Етичні проблеми наукової фантастики (за творами С. Лема "Повернення з зірок", "Соляріс", Р. Бредбері "451 градус за Фарангейтом") (Record no. 285398)

MARC details
000 -LEADER
fixed length control field 02069nam a22001577a 4500
041 ## - LANGUAGE CODE
Language code of text/sound track or separate title ukr
080 ## - UNIVERSAL DECIMAL CLASSIFICATION NUMBER
Universal Decimal Classification number 09
090 ## - LOCALLY ASSIGNED LC-TYPE CALL NUMBER (OCLC); LOCAL CALL NUMBER (OCLC)
Local cutter number (OCLC) ; Book number/undivided call number, CALL (RLIN) БУХ
100 ## - MAIN ENTRY--PERSONAL NAME
Personal name Бухтіярова, М. А.
245 ## - TITLE STATEMENT
Title Етичні проблеми наукової фантастики (за творами С. Лема "Повернення з зірок", "Соляріс", Р. Бредбері "451 градус за Фарангейтом")
260 ## - PUBLICATION, DISTRIBUTION, ETC. (IMPRINT)
Place of publication, distribution, etc Острог
Name of publisher, distributor, etc КАФ
Date of publication, distribution, etc 2014
300 ## - PHYSICAL DESCRIPTION
Extent 73
520 ## - SUMMARY, ETC.
Summary, etc Вступ.<br/>Розділ І. Розвиток науково-фантастичного роману ХХ ст. в епоху НТР.<br/>1.1. Епоха НТР ХХ ст.: проблеми морального і культурного характеру<br/>1.2. Стильова багатоаспектність творчості С. Лема<br/>1.3. Сукупність художніх засобів, з яких збудований "дивовижний світ фантастики" Р. Бредбері<br/>1.4. Образ Чужого в науково-фантастичній антиутопії<br/>1.5. Жанрові особливості науково-фантастичного роману<br/>Висновки до Розділу І.<br/>Розділ ІІ. Розвиток морально-етичних цінностей під впливом науково-технічного прогресу.<br/>2.1. Насадження моралі: бетризація та інші досліди над особою<br/>2.2. Етика щастя у романах С. Лема та Р. Бредбері<br/>2.2.1. Взаємовідносини чоловіка та жінки в "автоматизованому" світі<br/>2.3. Кореляція науково-технічного прогресу і моральності людини<br/>Висновки до Розділу ІІ.<br/>Висновки.<br/>Список використаної літератури.<br/>Додатки.
-- наукова фантастика, мораль, етика
650 ## - SUBJECT ADDED ENTRY--TOPICAL TERM
Topical term or geographic name as entry element Research Papers
942 ## - ADDED ENTRY ELEMENTS (KOHA)
Koha item type Books
Holdings
Withdrawn status Lost status Source of classification or shelving scheme Damaged status Not for loan Home library Current library Date acquired Source of acquisition Cost, normal purchase price Total Checkouts Full call number Barcode Date last seen Price effective from Koha item type
    Universal Decimal Classification     ВІЛ - Відділ іноземн. літератури НБ ВІЛ - Відділ іноземн. літератури НБ 17/06/2014 Акт №8 1.00   09 215632 09/11/2021 17/06/2014 Books